000 00919nam a2200289Ia 4500
003 GCL
008 140319s9999 xx 000 0 ara d
040 _aGCL /
_cGCL
082 0 4 _a910.133
_bا م
100 1 _aاحمد حبيب رسول
245 1 0 _aمبادئ جغرافية الصناعة /
_cاحمد حبيب رسول
260 _aالعراق :
_bمطبعة الحوادث ،
_c1980
300 _a447 ص ؛
_c24سم
650 0 4 _aالبترول
650 0 4 _aالصناعات
650 0 4 _aالحديد والصلب
650 0 4 _aمصادر الطاقة
650 0 4 _aالغاز الطبيعى
650 0 4 _aالصناعات التحويلية
650 0 4 _aالقطن
650 0 4 _aالبتروكيماويات
650 0 4 _aالصوف الصناعى
650 0 4 _aالفحم
650 0 4 _aالبترول - تكرير
650 0 4 _aالجغرافيا الصناعية
942 _2ddc
_cBK
999 _c35585
_d35585